000 005040000a22001810004500
003 MACL
005 20160226151702.0
008 160226b xxu||||| |||| 00| 0 eng d
040 _aMACL
_cMACL
041 _aHindi
082 _a800
100 _aडॉ शुकदेव दुबे
_940692
245 _aरीति काव्‍यधार
260 _bराजकमल प्रकाशन
_c1979
_aपटना
350 _a4
650 _aLiteracture
_939932
942 _cHIN
_k800
_2ddc
999 _c27731
_d27731